zpět

Detail výsledku týmu

U Lucerny ČT, Brno

Datum a čas kvízu

22 Celkem bodů Celkový počet nahraných bodů na tomto kvízu bez doplňovacích otázek.
5. Pořadí na kvízu Konečné umístění týmu na tomto kvízu.

Zaznamenané odpovědi

# Otázka Odpověď Body Výsledky
1. Tým CNN Prima News bude posíle... Markéta Fialová 0
2. Česká komisařka Věra Jourová s... hodnoty a transparentnost 0
3. Kanadská spisovatelka Margaret... Příběh služebnice 0
4. Řetězec KFC připravuje vlastní... Colonel Sanders 0
5. Brněnský sport se v sobotu ve... fotbalové derby 0
6. Když už jsme tu měli minulý tý... serotonin 1
7. Erós je řeckým bohem lásky. Ja... Arés, Afrodita 0
8. Příponu -filie mají různá slov... Alexej 0
9. Láska je samozřejmě nevyčerpat... 1D 2C 3B 4A 1
10. Jak se jmenuje herečka, která... Gwyneth Paltrow 0